World Bank Technical paper; No.485 Natural resource management strategy
Gespeichert in:
| Format: | Buch |
|---|---|
| Sprache: | Undetermined |
| Veröffentlicht: |
Washington, D.C
The World Bank
2000
|
| Schlagworte: | |
| Tags: |
Tag hinzufügen
Keine Tags, Fügen Sie den ersten Tag hinzu!
|
| Thư viện lưu trữ: | Trung tâm Học liệu Trường Đại học Cần Thơ |
|---|
| LEADER | 00561nam a2200181Ia 4500 | ||
|---|---|---|---|
| 001 | CTU_42275 | ||
| 008 | 210402s9999 xx 000 0 und d | ||
| 020 | |b 210.000đ | ||
| 082 | |a 338.1 | ||
| 082 | |b W927n | ||
| 245 | 0 | |a World Bank Technical paper; No.485 | |
| 245 | 0 | |b Natural resource management strategy | |
| 260 | |a Washington, D.C | ||
| 260 | |b The World Bank | ||
| 260 | |c 2000 | ||
| 650 | |a developing countries - economic conditions,natural resources - management | ||
| 904 | |i Minh, 010718 | ||
| 980 | |a Trung tâm Học liệu Trường Đại học Cần Thơ | ||